ក្រុមបច្ចេកទេសអនុវត្តប្រមូលផលព្រៃឈើនៅកម្ពុជា (Record no. 9275)

000 -LEADER
fixed length control field 00333nam a22001217a 4500
040 ## - CATALOGING SOURCE
Transcribing agency HS
082 ## - DEWEY DECIMAL CLASSIFICATION NUMBER
Classification number 235
100 ## - MAIN ENTRY--AUTHOR NAME
Personal name NA
245 ## - TITLE STATEMENT
Title ក្រុមបច្ចេកទេសអនុវត្តប្រមូលផលព្រៃឈើនៅកម្ពុជា
260 ## - PUBLICATION, DISTRIBUTION, ETC. (IMPRINT)
Place of publication Cambodia
Name of publisher NA
Year of publication NA
300 ## - PHYSICAL DESCRIPTION
Number of Pages 69p;
942 ## - ADDED ENTRY ELEMENTS (KOHA)
Koha item type សៀវភៅភាសាខ្មែរ
952 ## - LOCATION AND ITEM INFORMATION (KOHA)
Withdrawn status [LOCAL, KOHA] 0
952 ## - LOCATION AND ITEM INFORMATION (KOHA)
Withdrawn status [LOCAL, KOHA] 0
952 ## - LOCATION AND ITEM INFORMATION (KOHA)
Withdrawn status [LOCAL, KOHA] 0
Holdings
Permanent Location Date acquired Koha item type Lost status Shelving location Barcode Current Location Full call number
Library Block C2016-08-30សៀវភៅភាសាខ្មែរ C041RUA059944Library Block C235 NA NA C041
Library Block C2016-08-30សៀវភៅភាសាខ្មែរ C041RUA042666Library Block C235 NA NA C041
Library Block C2016-08-31សៀវភៅភាសាខ្មែរ C244RUA41702Library Block C235 ប្រមាញ់ NA C244
មជ្ឈមណ្ឌលឯការនៃសាកលវិទ្យាល័យភូមិន្ទកសិកម្មចំការដូង

Powered by Koha